|
|
|
|
| LEADER |
00000nab a2200000 a 4500 |
| 001 |
vtls000878087 |
| 003 |
SK-MaSNL |
| 005 |
20260304103838.0 |
| 008 |
250429c2004 xo 0 slo |
| 015 |
|
|
|a SNBRB2004/07-20470
|
| 035 |
|
|
|a CLN000229639
|
| 035 |
|
|
|a urn:nbn:sk:snk-ab2vyw
|
| 035 |
|
|
|a (urnnbn)urn:nbn:sk:snk:ar-a030ml
|
| 035 |
|
|
|a (uuid)3035def9-6da3-4302-b41a-7c04f8a1e174
|
| 040 |
|
|
|a SNKBUCL
|b slo
|c SNKBUCL
|e AACR2
|
| 041 |
0 |
|
|a slo
|
| 044 |
|
|
|a xo
|c SK
|
| 080 |
|
|
|a 796.5.077
|2 1997
|
| 080 |
|
|
|a 303.62
|2 2001
|
| 080 |
|
|
|a 502.2
|2 2011
|
| 080 |
|
|
|a 796.5
|2 2001
|
| 080 |
|
|
|a 910.4
|2 2011
|
| 100 |
1 |
|
|a Kollárová, Zuzana
|4 aut
|9 10478
|
| 245 |
1 |
0 |
|a Príroda mi čistí dušu
|b s Petrom Valušiakom, ktorý ako prvý na svete prešiel z Ruska do Kanady cez severný pól
|c Zuzana Kollárová
|
| 300 |
|
|
|b Fotogr.
|
| 600 |
1 |
7 |
|a Valušiak, Peter
|d 1967-
|2 snkbucl
|
| 650 |
0 |
7 |
|a rozhovor
|2 SNKPH
|9 23484
|
| 650 |
0 |
7 |
|a príroda
|2 SNKPH
|9 3813
|
| 650 |
0 |
7 |
|a turistika
|2 SNKPH
|9 683
|
| 650 |
0 |
7 |
|a horolezecké expedície
|2 SNKPH
|9 1570
|
| 655 |
|
7 |
|a články z novín a časopisov
|2 snkbucl
|9 267496
|
| 700 |
1 |
|
|a Valušiak, Peter,
|d 1967-
|4 aut
|
| 773 |
0 |
|
|t Krásy Slovenska
|g Roč. 81, č. 1-2 (2004), s. 6-9
|x 0323-0643
|
| 850 |
|
|
|a Slovenská národná knižnica
|
| 852 |
|
|
|a Slovenská národná knižnica
|
| 954 |
|
|
|a odborná, vedecká literatúra pôvodná (slovenská)
|2 lita
|
| 958 |
|
|
|a article27
|
| 958 |
|
|
|a SK
|
| 958 |
|
|
|a BX
|
| 992 |
|
|
|a RBX
|
| 999 |
|
|
|c 2849976
|d 2851906
|